Detalles MARC
| 000 -CABECERA |
| campo de control de longitud fija |
01026nam a2200229 a 4500 |
| 001 - NÚMERO DE CONTROL |
| campo de control |
000041590 |
| 005 - FECHA Y HORA DE LA ÚLTIMA TRANSACCIÓN |
| campo de control |
20201002035644.0 |
| 008 - DATOS DE LONGITUD FIJA--INFORMACIÓN GENERAL |
| campo de control de longitud fija |
131011s2004 sp a 000 0 spa d |
| 020 ## - NÚMERO INTERNACIONAL ESTÁNDAR DEL LIBRO |
| Número Internacional Estándar del Libro |
8484832260 |
| 040 ## - FUENTE DE LA CATALOGACIÓN |
| Centro catalogador/agencia de origen |
DO-SdBNP |
| Lengua de catalogación |
spa |
| Centro/agencia transcriptor |
BNPHU |
| 082 ## - NÚMERO DE LA CLASIFICACIÓN DECIMAL DEWEY |
| Número de clasificación |
xxx |
| Número de documento/Ítem |
P116t |
| 100 1# - ENTRADA PRINCIPAL--NOMBRE DE PERSONA |
| Nombre de persona |
Pacheco, Francisco |
| 9 (RLIN) |
68355 |
| 245 13 - MENCIÓN DE TÍTULO |
| Título |
El túmulo de la reina doña Ana de Austria / |
| Mención de responsabilidad, etc. |
El licenciado Francisco Pacheco ; introducción, edición crítica, traducción anotada e índices a cargo de Bartolomé Pozuelo Calero ; prólogo de Francisco J. Talavera Esteso. |
| 260 ## - PUBLICACIÓN, DISTRIBUCIÓN, ETC. |
| Lugar de publicación, distribución, etc. |
Madrid : |
| Nombre del editor, distribuidor, etc. |
Alcañiz |
| -- |
Instituto de Estudios Humanísticos, |
| Fecha de publicación, distribución, etc. |
2004. |
| 300 ## - DESCRIPCIÓN FÍSICA |
| Extensión |
cxlvlll, 250 p. : |
| Otras características físicas |
il. ; |
| Dimensiones |
24 cm. |
| 490 1# - MENCIÓN DE SERIE |
| Mención de serie |
Palmyrenus |
| -- |
textos |
| Designación de volumen o secuencia |
11 |
| 500 ## - NOTA GENERAL |
| Nota general |
Incluye referencias bibliográficas y notas al pie de las páginas. |
| 500 ## - NOTA GENERAL |
| Nota general |
Incluye datos biográficos del autor en la solapa de la cubierta. |
| 700 12 - PUNTO DE ACCESO ADICIONAL--NOMBRE DE PERSONA |
| Nombre de persona |
Pozuelo Calero, Bartolomé |
| 9 (RLIN) |
68356 |
| 700 12 - PUNTO DE ACCESO ADICIONAL--NOMBRE DE PERSONA |
| Nombre de persona |
Talavera Esteso, Francisco J. |
| Término indicativo de función/relación |
pról. |
| 9 (RLIN) |
68357 |
| 830 #0 - PUNTO DE ACCESO ADICIONAL DE SERIE-TÍTULO UNIFORME |
| Título uniforme |
Palmyrenus |
| Nombre de parte o sección de la obra |
textos |
| Designación de volumen o secuencia |
11 |
| 9 (RLIN) |
68358 |